載入...
Moonnaruviyum oru puzhayum /
| 主要作者: | |
|---|---|
| 格式: | Printed Book |
| 語言: | Malayalam |
| 出版: |
Kottayam :
Sahitya Pravarthaka Sahakarana Sangam ,
|
| 主題: |
| LEADER | 00544nam a2200157Ia 4500 | ||
|---|---|---|---|
| 008 | 150624b xxu||||| |||| 00| p mal d | ||
| 999 | |c 73180 |d 73180 | ||
| 082 | |a 851.521 | ||
| 100 | |a Sankarakurup, G. | ||
| 245 | |c G. Sankarakurup |a Moonnaruviyum oru puzhayum / | ||
| 260 | |a Kottayam : |b Sahitya Pravarthaka Sahakarana Sangam , | ||
| 300 | |a 54p. |c 18cm. | ||
| 546 | |a In Malayalam. | ||
| 650 | |v Malayalam poetry | ||
| 942 | |c BK | ||
| 952 | |0 0 |1 0 |4 0 |6 851_521000000000000_MOO_M |7 0 |9 73126 |a UL |b UL |c ST1 |d 1998-09-15 |l 1 |o 851.521 MOO M |p 13300 |r 2014-07-19 |s 2014-06-21 |y BK | ||